پیام فکر و تد بّر / (Record no. 196576)

MARC details
000 -LEADER
fixed length control field 00629nam a22001937a 4500
005 - DATE AND TIME OF LATEST TRANSACTION
control field 20230717124134.0
010 ## - LCCN (DPL NO)
LC control number UR-12071
020 ## - INTERNATIONAL STANDARD BOOK NUMBER
International Standard Book Number 9789383239399
Terms of availability 60.00
035 ## - SYSTEM CONTROL NUMBER
System control number U-10626
037 ## - SOURCE OF ACQUISITION
Source of stock number/acquisition DBAD/PUB
082 ## - DEWEY DECIMAL CLASSIFICATION NUMBER
Classification number 841
100 ## - MAIN ENTRY--PERSONAL NAME
Personal name قطب الد ین شجاع
245 ## - TITLE STATEMENT
Title پیام فکر و تد بّر /
Statement of responsibility, etc قطب الد ین شجاع
246 ## - VARYING FORM OF TITLE
Title proper/short title Payam-e-Fikr-o Tadabbur /
Remainder of title by Qutbuddin Shuja
260 ## - PUBLICATION, DISTRIBUTION, ETC. (IMPRINT)
Place of publication, distribution, etc New Delhi
Name of publisher, distributor, etc Applied Books
Date of publication, distribution, etc 2016 ء
270 ## - ADDRESS
Address 1739/10, New Kohinoor Hotel, Pataudi House, Darya Ganj
City New Delhi
Postal code 2
300 ## - PHYSICAL DESCRIPTION
Extent 80 ص
Dimensions 21cm(pbk)
942 ## - ADDED ENTRY ELEMENTS (KOHA)
Source of classification or shelving scheme Dewey Decimal Classification
Item type Urdu Bks
Classification part 841
Call number suffix ق ط ب
Holdings
Withdrawn status Lost status Not for loan Collection code Home library Current library Date acquired Source of acquisition Cost, normal purchase price Full call number Barcode Copy number Cost, replacement price Koha item type
      Non-fiction Ashok Vihar Ashok Vihar 17/07/2023 DBAD/PUB 60.00 841 ق ط ب U-10626 1 60.00 Urdu Bks

© Delhi Public Library
Hit Counter
free hit counter